[Event "Catalunya-chB"]
[Site "Spain"]
[Date "1996.10.27"]
[Round "4"]
[White "Lozano Diaz, Antoni"]
[Black "Perez Vilalta, Diego"]
[Result "1-0"]
[WhiteElo "2065"]
[BlackElo "1865"]
[PlyCount "73"]
[EventDate "1997.??.??"]
[EventType "swiss"]
[EventRounds "8"]
[EventCountry "ESP"]
[SourceTitle "EXT 2003"]
[Source "ChessBase"]
[SourceDate "2002.11.25"]
[SourceVersion "1"]
[SourceVersionDate "2002.11.25"]
[SourceQuality "1"]

1. d4 d5 2. c4 e6 3. Nc3 Nf6 4. cxd5 exd5 5. Bg5 Be7 6. Qc2 0-0 7. e3 h6 8. Bh4 Re8 9. Bd3 c6 10. Nf3 Nbd7 11. 0-0 Ne4 12. Bxe7 Qxe7 13. Rac1 Ng5 14. Nxg5 Qxg5 15. e4 dxe4 16. Nxe4 Qf4 17. Rce1 Rf8 18. Re3 Nb6 19. Rf3 Qh4 20. Nd6 Nd5 21. Bh7+ Kh8 22. Nxf7+ Rxf7 23. Rxf7 Be6 24. Rxb7 Nf6 25. Qg6 Qg5 26. Qxg5 hxg5 27. Bb1 Bd5 28. Re1 c5 29. Rb5 cxd4 30. Rd1 Rc8 31. f3 Bc4 32. Rxg5 Be2 33. Rxd4 Bxf3 34. gxf3 Rc1+ 35. Kf2 Rxb1 36. Rd2 Kh7 37. Rg1 1-0

[Event "Catalunya-chB"]
[Site "Spain"]
[Date "1996.10.20"]
[Round "3"]
[White "Perez Vilalta, Diego"]
[Black "Madrid Sole, Antonio"]
[Result "0-1"]
[WhiteElo "1865"]
[BlackElo "2020"]
[PlyCount "67"]
[EventDate "1997.??.??"]
[EventType "swiss"]
[EventRounds "8"]
[EventCountry "ESP"]
[SourceTitle "EXT 2003"]
[Source "ChessBase"]
[SourceDate "2002.11.25"]
[SourceVersion "1"]
[SourceVersionDate "2002.11.25"]
[SourceQuality "1"]

1. d4 d5 2. e3 Nf6 3. Bd3 e6 4. Nd2 c5 5. c3 Nc6 6. f4 cxd4 7. exd4 Bd6 8. Ndf3 0-0 9. Ne5 Ne4 10. Ngf3 Bd7 11. Qe2 f5 12. 0-0 Be7 13. Nxd7 Qxd7 14. Ne5 Nxe5 15. fxe5 Qe8 16. c4 Qa4 17. Be3 Rac8 18. cxd5 exd5 19. Qh5 g6 20. Qe2 a6 21. Bxe4 fxe4 22. Qg4 Qc6 23. Rfc1 Qe8 24. Rf1 Rc6 25. Bh6 Rxf1+ 26. Rxf1 Qc8 27. Qf4 Qf5 28. Qxf5 gxf5 29. Rxf5 Rxh6 30. h3 Rc6 31. Rf2 Rc1+ 32. Kh2 Bg5 33. e6 Re1 34. Rf5 0-1